|
|
|
|
| LEADER |
00885nam a22002411i 4500 |
| 001 |
3169787 |
| 003 |
GR-PaULI |
| 005 |
20210426140545.0 |
| 008 |
200527s1970 fr g b 000 0 fre d |
| 952 |
|
|
|0 0
|1 0
|2 ddc
|4 0
|6 792_010000000000000
|7 0
|9 240794
|a THST
|b THST
|d 2020-05-27
|l 0
|o 792.01
|p 025000267032
|r 2020-05-27 00:00:00
|t 1
|v 2020.00
|w 2020-05-27
|y BK15
|
| 999 |
|
|
|c 145275
|d 145275
|
| 010 |
|
|
|a 75475326
|
| 040 |
|
|
|a DLC
|c DLC
|d DLC
|d GR-PaULI
|b gre
|e AACR2
|
| 082 |
0 |
4 |
|2 23
|a 792.01
|
| 100 |
1 |
|
|a Duvignaud, Jean.
|e συγγραφέας
|
| 245 |
1 |
0 |
|a Spectacle et société /
|c Jean Duvignaud.
|
| 260 |
|
|
|a Paris :
|b Denoël, Gonthier,
|c 1970.
|
| 300 |
|
|
|a 173 σ.
|c 18 εκ.
|
| 490 |
0 |
|
|a Bibliothèque Médiations ;
|v 66
|
| 504 |
|
|
|a Περιλαμβάνει βιβλιογραφία.
|
| 650 |
|
4 |
|a Θέατρο και κοινωνία
|9 101489
|
| 942 |
|
|
|2 ddc
|c BK15
|
| 998 |
|
|
|c ΜΑΝΙΑ
|d 2020-05
|